000 01118nas a2200337 4500
001 BR0603676
003 BR-BrBNA
005 20231205110245.0
007 ta
008 230509b bl.|||p| |||| 00| 00por d
040 _aBR-BrBNA
_bpor
_cBiblioteca Nacional de Agricultura
041 _a(Pt)
072 _aQ52; Q54
100 1 _aCastro, F.G.G.
100 1 _aNussio, L.G.
100 1 _aHaddad, C.M.
100 1 _aCampos, F.P. de
100 1 _aCoelho, R.M.
100 1 _aMari, L.J.
100 1 _aToledo, P. de A.
245 1 _aPerfil microbiológico, parâmetros físicos e estabilidade aeróbia de silagens de capim-tifton 85 (Cynodon sp.)confeccionadas com distintas concentrações de matéria seca e aplicação de aditivos
650 _aGRAMÍNEA FORRAGEIRA
650 _aSILAGEM
650 _aANÁLISE FÍSICA
650 _aMATÉRIA SECA
650 _aADITIVO
650 _aANÁLISE MICROBIOLOGICA
773 0 _tRevista Brasileira de Zootecnia (Brazil)
_xISSN 1516-3598
_g(Mar-Apr 2006), v. 35(2) p. 358-371
_wBR0603676
909 _a202311
_bLúcia
_c55
_dLúcia Elande
942 _2AGRIS
_n0
_cANA
999 _c186709
_d186709